00297 a2200109 4500001001000000005001700010008004100027245003100068100001800099773005300117999001700170ART_3050220260410162003.0260409a 10aIndividuo y organización1 aZarif, Martha0 tForo políticog- Vol. XX (ago. 1997)wREV30389 c31474d31474